| 000 | 00674nam a22002297a 4500 | ||
|---|---|---|---|
| 005 | 20260330120407.0 | ||
| 008 | 260330b |||||||| |||| 00| 0 eng d | ||
| 020 | _a978119859932 | ||
| 040 | _cPK-LaUMT | ||
| 082 |
_a658.4038011 _bRAI-I |
||
| 100 | 1 |
_aRainer, R. Kelly _910174 |
|
| 245 | 1 | 0 |
_aIntroduction to information systems : _bsupporting and transforming business / _cby R. Kelly Rainer and Brad Prince |
| 250 | _a9th ed. | ||
| 260 |
_aHokoben : _bWiley, _c2022 |
||
| 300 | _axiii, 578 p. | ||
| 500 | _aIndex present | ||
| 500 | _aInternational adaptation | ||
| 546 | _aEng | ||
| 650 | _aInformation technology | ||
| 650 | _aComputer networks | ||
| 942 | _cBK | ||
| 999 |
_c140249 _d140249 |
||